Catálogo
 En Linea

Luz o Tinieblas : (Registro nro. 44260)

Detalles MARC
000 -CABECERA
campo de control de longitud fija 00496nam a2200157 a 4500
001 - NÚMERO DE CONTROL
campo de control 000044771
005 - FECHA Y HORA DE LA ÚLTIMA TRANSACCIÓN
campo de control 20201002045620.0
008 - DATOS DE LONGITUD FIJA--INFORMACIÓN GENERAL
campo de control de longitud fija 150109s2014 it 000 0 spa d
020 ## - NÚMERO INTERNACIONAL ESTÁNDAR DEL LIBRO
Número Internacional Estándar del Libro 9788888755069
040 ## - FUENTE DE LA CATALOGACIÓN
Centro catalogador/agencia de origen DO-SdBNP
Lengua de catalogación spa
Centro/agencia transcriptor BNPHU
100 1# - ENTRADA PRINCIPAL--NOMBRE DE PERSONA
Nombre de persona Cepeda, Braulio
9 (RLIN) 72783
245 10 - MENCIÓN DE TÍTULO
Título Luz o Tinieblas :
Resto del título una elección que debes hacer /
Mención de responsabilidad, etc. Braulio Cepeda ; prólogo Ana Meneghello.
260 ## - PUBLICACIÓN, DISTRIBUCIÓN, ETC.
Lugar de publicación, distribución, etc. [Italia] :
Nombre del editor, distribuidor, etc. s.n.],
Fecha de publicación, distribución, etc. 2014.
300 ## - DESCRIPCIÓN FÍSICA
Extensión 63 p. ;
Dimensiones 21 cm.
700 1# - PUNTO DE ACCESO ADICIONAL--NOMBRE DE PERSONA
Nombre de persona Meneghello, Ana
Término indicativo de función/relación pról.
9 (RLIN) 72784
Existencias
Estado de retiro Estado de pérdida Restricciones de uso No para préstamo Código de colección Localización permanente Ubicación/localización actual Ubicación en estantería Fecha de adquisición Número de inventario Total de préstamos Signatura topográfica completa Código de barras Fecha visto por última vez Precio válido a partir de Tipo de ítem Koha
        Monografías: Libros y Folletos General General Orden iniciada 09.01.2015 LF1   44771-30 25.06.2020 25.06.2020 No se presta
        Monografías: Libros y Folletos Patrimonio Dominicano Patrimonio Dominicano Orden iniciada 09.01.2015 LF1   44771-10 25.06.2020 25.06.2020 No se presta
        Monografías: Libros y Folletos Patrimonio Dominicano Patrimonio Dominicano Orden iniciada 09.01.2015 LF1   44771-20 25.06.2020 25.06.2020 No se presta

Con tecnología Koha